<?xml version="1.0" encoding="UTF-8"?>
<record
    xmlns:xsi="http://www.w3.org/2001/XMLSchema-instance"
    xsi:schemaLocation="http://www.loc.gov/MARC21/slim http://www.loc.gov/standards/marcxml/schema/MARC21slim.xsd"
    xmlns="http://www.loc.gov/MARC21/slim">

  <leader>00679nam a2200205Ia 4500</leader>
  <controlfield tag="003">OSt</controlfield>
  <controlfield tag="005">20250612143120.0</controlfield>
  <controlfield tag="008">210210b2010   xxu||||| |||| 00| 0 eng d</controlfield>
  <datafield tag="040" ind1=" " ind2=" ">
    <subfield code="c">AL</subfield>
  </datafield>
  <datafield tag="041" ind1=" " ind2=" ">
    <subfield code="a">Kannada</subfield>
  </datafield>
  <datafield tag="082" ind1=" " ind2=" ">
    <subfield code="a">K494.3 SHRK</subfield>
  </datafield>
  <datafield tag="100" ind1=" " ind2=" ">
    <subfield code="a">SHRINIVASA HAVANURA</subfield>
    <subfield code="9">85006</subfield>
    <subfield code="d">&#xCB6;&#xCCD;&#xCB0;&#xCC0;&#xCA8;&#xCBF;&#xCB5;&#xCBE;&#xCB8; &#xCB9;&#xCBE;&#xCB5;&#xCA8;&#xCC2;&#xCB0;</subfield>
  </datafield>
  <datafield tag="245" ind1=" " ind2=" ">
    <subfield code="a">Kanakadasara kirtanegala shabda prayoga kosha</subfield>
    <subfield code="b">&#xC95;&#xCA8;&#xC95;&#xCA6;&#xCBE;&#xCB8;&#xCB0; &#xC95;&#xCC0;&#xCB0;&#xCCD;&#xCA4;&#xCA8;&#xCC6;&#xC97;&#xCB3; &#xCB6;&#xCAC;&#xCCD;&#xCA6; &#xCAA;&#xCCD;&#xCB0;&#xCAF;&#xCCB;&#xC97; &#xC95;&#xCCB;&#xCB6; </subfield>
  </datafield>
  <datafield tag="260" ind1=" " ind2=" ">
    <subfield code="a">Mangaluru</subfield>
    <subfield code="b">-</subfield>
    <subfield code="c">2010</subfield>
  </datafield>
  <datafield tag="300" ind1=" " ind2=" ">
    <subfield code="a">864</subfield>
  </datafield>
  <datafield tag="690" ind1=" " ind2=" ">
    <subfield code="a">Kannada Dictionary</subfield>
    <subfield code="9">85007</subfield>
  </datafield>
  <datafield tag="700" ind1=" " ind2=" ">
    <subfield code="a">KRASHNA (V) Ed</subfield>
    <subfield code="9">85008</subfield>
    <subfield code="d">&#xC95;&#xCC3;&#xCB7;&#xCCD;&#xCA3; &#xCB5;&#xCBF; </subfield>
  </datafield>
  <datafield tag="906" ind1=" " ind2=" ">
    <subfield code="a">065417</subfield>
  </datafield>
  <datafield tag="942" ind1=" " ind2=" ">
    <subfield code="2">ddc</subfield>
    <subfield code="c">BK</subfield>
  </datafield>
  <datafield tag="999" ind1=" " ind2=" ">
    <subfield code="c">142642</subfield>
    <subfield code="d">142642</subfield>
  </datafield>
  <datafield tag="952" ind1=" " ind2=" ">
    <subfield code="0">0</subfield>
    <subfield code="1">0</subfield>
    <subfield code="2">ddc</subfield>
    <subfield code="4">0</subfield>
    <subfield code="7">0</subfield>
    <subfield code="8">KAN</subfield>
    <subfield code="a">AL</subfield>
    <subfield code="b">AL</subfield>
    <subfield code="d">2021-02-17</subfield>
    <subfield code="e">Kanakadasa Research Centre, Mangalore University-574199</subfield>
    <subfield code="g">275.00</subfield>
    <subfield code="l">0</subfield>
    <subfield code="o">K494.3 SHRK</subfield>
    <subfield code="p">065418</subfield>
    <subfield code="r">2021-02-17 00:00:00</subfield>
    <subfield code="w">2021-02-17</subfield>
    <subfield code="y">BK</subfield>
  </datafield>
  <datafield tag="952" ind1=" " ind2=" ">
    <subfield code="0">0</subfield>
    <subfield code="1">0</subfield>
    <subfield code="2">ddc</subfield>
    <subfield code="4">0</subfield>
    <subfield code="7">0</subfield>
    <subfield code="8">KAN</subfield>
    <subfield code="a">AL</subfield>
    <subfield code="b">AL</subfield>
    <subfield code="d">2021-02-17</subfield>
    <subfield code="e">Kanakadasa Research Centre, Mangalore University-574199</subfield>
    <subfield code="g">275.00</subfield>
    <subfield code="l">0</subfield>
    <subfield code="o">K494.3 SHRK</subfield>
    <subfield code="p">065417</subfield>
    <subfield code="r">2021-02-17 00:00:00</subfield>
    <subfield code="w">2021-02-17</subfield>
    <subfield code="y">BK</subfield>
  </datafield>
</record>
